Economic evolution and the science of synergetics

Guardado en:
Detalles Bibliográficos
Autor principal: Foster, John
Otros Autores: Wild, Phillip
Formato: Libro
Lenguaje:inglés
Publicado: Brisbane The University of Queensland 1995
Colección:Discussion papers No. 176
Materias:
Etiquetas: Agregar Etiqueta
Sin Etiquetas, Sea el primero en etiquetar este registro!

MARC

LEADER 00000nam a2200000 4500
001 c110318
005 20250512105356.8
022 |a 1033-4661 
041 0 |a eng 
044 |a AU 
245 1 0 |a Economic evolution and the science of synergetics  |c John Foster and Phillip Wild 
264 1 |a Brisbane  |b The University of Queensland  |c 1995 
300 |a 27 s. 
490 1 |a Discussion papers  |v No. 176 
830 0 |a Discussion papers  |v No. 176 
610 2 0 |a vývoj hospodársky 
610 2 0 |a synergetika 
610 2 0 |a synergia 
610 2 0 |a teórie ekonomické 
610 2 0 |a výskum 
100 1 |a Foster, John 
700 1 |a Wild, Phillip